[Event "Campeonato de Aragon por Equipos 2009"]
[Site "Aragon"]
[Date "2009.02.21"]
[Round "4.57"]
[White "Gonzalvo Lara Victor"]
[Black "Accattato Martin Mario"]
[Result "1/2-1/2"]
[WhiteElo "2108"]
[BlackElo "2084"]

1.e4 c5 2.Nc3 Nc6 3.g3 g6 4.Bg2 Bg7 5.d3 d6 6.f4 e6 7.Nf3 Nge7 8.O-O O-O 9.Be3
Nd4 10.e5 Nef5 11.Bf2 Qb6 12.Rb1 Nxf3+ 13.Bxf3 dxe5 14.fxe5 Bxe5 15.Na4 Qc7
16.Nxc5 Nd4 17.Nb3 Nxf3+ 18.Qxf3 Bg7 19.Bc5 Re8 20.Bd6 Qb6+ 21.Bc5 Qc7 22.Bd6
Qb6+ 23.Bc5 1/2-1/2

[Event "Campeonato de Aragon por Equipos 2009"]
[Site "Aragon"]
[Date "2009.02.21"]
[Round "4.58"]
[White "Cid Royo Oscar"]
[Black "Jaques Burguete Raul"]
[Result "1/2-1/2"]
[WhiteElo "2080"]
[BlackElo "2100"]

1.e4 Nc6 2.d4 d5 3.exd5 Qxd5 4.Nf3 Bg4 5.Be2 O-O-O 6.Be3 Nf6 7.O-O e6 8.c4 Qf5
9.Nc3 Bd6 10.Nb5 Be7 11.Qb3 a6 12.Nc3 Bd6 13.c5 Bf4 14.Qc4 Nd5 15.Nxd5 exd5
16.Qc3 Rhe8 17.h3 Bxf3 18.Bxf3 Qg5 19.Rae1 Bxe3 20.Rxe3 Rxe3 21.Qxe3 Qxe3 22.
fxe3 f5 23.a3 Ne7 24.g4 g6 25.Kg2 Rf8 26.b4 c6 1/2-1/2

[Event "Campeonato de Aragon por Equipos 2009"]
[Site "Aragon"]
[Date "2009.02.21"]
[Round "4.59"]
[White "Moreno Gracia David"]
[Black "Accattato Martin Nicola"]
[Result "1/2-1/2"]
[WhiteElo "1911"]
[BlackElo "1875"]

1.e4 c5 2.Nf3 Nc6 3.d4 cxd4 4.Nxd4 Nf6 5.Nc3 e5 6.Ndb5 d6 7.Bg5 a6 8.Na3 Be7
9.Bxf6 Bxf6 10.Nd5 Bg5 11.Nc4 Be6 12.Be2 b5 13.Nce3 Bxe3 14.Nxe3 O-O 15.O-O
Nd4 16.c3 Nxe2+ 17.Qxe2 Qe7 18.Rfd1 Rfd8 19.Nd5 Qg5 20.a4 bxa4 21.Rxa4 a5 22.
Rda1 Bxd5 23.exd5 Rdc8 24.g3 Qd8 25.c4 Qc7 26.b3 Ra7 27.Qd2 Rb8 28.Rxa5 Rab7
29.R5a3 Rxb3 30.Rxb3 Rxb3 31.c5 dxc5 32.Ra8+ Rb8 33.Rxb8+ Qxb8 34.d6 Kf8 35.
Qd5 c4 36.Qxe5 Qb1+ 37.Kg2 Qb7+ 38.Kg1 Qb1+ 39.Kg2 Qb7+ 40.Kg1 1/2-1/2

[Event "Campeonato de Aragon por Equipos 2009"]
[Site "Aragon"]
[Date "2009.02.21"]
[Round "4.60"]
[White "Santos Morales Julio Cesar"]
[Black "Solanas Godes Beatriz"]
[Result "1/2-1/2"]
[WhiteElo "1723"]
[BlackElo "1773"]

1.d4 d5 2.c4 e6 3.Nc3 Nf6 4.Bg5 Be7 5.Nf3 O-O 6.e3 c6 7.Bd3 dxc4 8.Bxc4 b5 9.
Bd3 Nbd7 10.Qc2 h6 11.Bf4 a6 12.O-O c5 13.dxc5 Nxc5 14.Rfd1 Nxd3 15.Rxd3 Qb6
16.Rad1 Bb7 17.Ne5 Rac8 18.Nd7 Nxd7 19.Rxd7 Bf6 20.a3 Qc6 21.f3 Bxc3 22.Qxc3
Qxc3 23.bxc3 Bc6 24.R7d2 Bd5 25.e4 Bc4 26.Be3 Bb3 27.Rb1 Rxc3 28.Bd4 Rc2 29.
Rxc2 Bxc2 30.Rb2 Bd3 31.Kf2 Rc8 32.Rd2 Bc4 33.Ke3 f5 34.Be5 g5 35.exf5 exf5
36.Rd6 Kh7 37.Rxa6 Rd8 38.Ra7+ Kg6 39.g4 f4+ 40.Kf2 Rd2+ 41.Kg1 h5 42.Rg7+ Kh6
43.h4 hxg4 44.hxg5+ Kh5 45.Bxf4 Rd1+ 46.Kg2 Rd3 47.fxg4+ Kxg4 48.Bc1 Rc3 49.
Bd2 Rxa3 50.Rd7 1/2-1/2

[Event "Campeonato de Aragon por Equipos 2009"]
[Site "Aragon"]
[Date "2009.02.21"]
[Round "4.61"]
[White "Garcia Lopez Alberto J"]
[Black "Latorre Abad Fernando"]
[Result "0-1"]
[WhiteElo "1971"]
[BlackElo "2056"]

1.Nf3 g6 2.g3 Bg7 3.Bg2 d6 4.c4 e5 5.d3 f5 6.Nc3 Nf6 7.Qc2 Nc6 8.O-O O-O 9.a3
h6 10.b4 Be6 11.Bb2 g5 12.b5 Ne7 13.e4 f4 14.gxf4 exf4 15.e5 Ng4 16.exd6 cxd6
17.Ne2 Qc7 18.Bxg7 Kxg7 19.Ned4 Bf7 20.h4 gxh4 21.Nxh4 Qc5 22.Qc3 Kg8 23.Rae1
Ne5 24.Be4 N5g6 25.Ndf5 Nxf5 26.Nxf5 Ne5 27.Nxh6+ Kg7 28.Nf5+ Kf6 29.Nh6 Rg8+
30.Nxg8+ Rxg8+ 31.Kh2 Rh8+ 32.Kg1 Rg8+ 33.Kh2 Qc8 34.Bh7 Rh8 35.Rxe5 dxe5 36.
Re1 Rxh7+ 37.Kg1 0-1

[Event "Campeonato de Aragon por Equipos 2009"]
[Site "Aragon"]
[Date "2009.02.21"]
[Round "4.62"]
[White "Cobo Garrido Diego Israel"]
[Black "Lucea Valero Alejandro"]
[Result "0-1"]
[WhiteElo "2026"]
[BlackElo "1968"]

1.d4 d5 2.Nf3 c6 3.c4 Nf6 4.Nc3 e6 5.e3 Nbd7 6.Qc2 Bd6 7.g4 dxc4 8.g5 Nd5 9.
Bxc4 Nb4 10.Qb3 b5 11.Be2 a6 12.e4 c5 13.a3 c4 14.Qd1 Nc6 15.Be3 Na5 16.Qc2
Qc7 17.g6 hxg6 18.e5 Be7 19.d5 Nxe5 20.O-O-O Nd3+ 21.Bxd3 cxd3 22.Qxd3 exd5
0-1

[Event "Campeonato de Aragon por Equipos 2009"]
[Site "Aragon"]
[Date "2009.02.21"]
[Round "4.63"]
[White "Minguez Guinda Andres"]
[Black "Gimeno Diaz Fernando"]
[Result "0-1"]
[WhiteElo "1942"]
[BlackElo "1890"]

1.Nf3 Nf6 2.b3 g6 3.Bb2 Bg7 4.c4 O-O 5.e3 d6 6.Be2 c5 7.Nc3 Nc6 8.O-O a6 9.d4
cxd4 10.exd4 e5 11.d5 Ne7 12.Qd2 Ne8 13.Ne1 f5 14.f3 Nf6 15.Kh1 Nh5 16.Rf2 f4
17.Ne4 Nf5 18.Nd3 Qh4 19.Kg1 Bh6 20.c5 Nhg3 21.Nxd6 Nxd6 22.cxd6 e4 23.Qc3 e3
24.Qh8+ Kf7 25.Qxh7+ Ke8 26.Qxg6+ Kd8 27.d7 exf2+ 28.Kxf2 Nxe2+ 29.Kxe2 Bxd7
30.Qb6+ Ke8 31.Qg6+ Kd8 32.Kd2 Qg5 33.Qb6+ Ke8 34.Re1+ Kf7 35.Ne5+ Kg8 36.Nxd7
Qxg2+ 37.Re2 Qh3 38.Bd4 Qxd7 39.Re6 Bg7 40.Rd6 Qb5 41.Qc7 Qb4+ 42.Kd3 Rf7 43.
Rd8+ Rxd8 44.Qxd8+ Qf8 45.Qd6 Bxd4 46.Kxd4 Qg7+ 0-1

[Event "Campeonato de Aragon por Equipos 2009"]
[Site "Aragon"]
[Date "2009.02.21"]
[Round "4.64"]
[White "Gayan Carceller Miguel Angel"]
[Black "Buil Montanes Carlos"]
[Result "1/2-1/2"]
[WhiteElo "1888"]
[BlackElo "1898"]

1.d4 d5 2.Nf3 Nf6 3.c4 dxc4 4.e3 Bg4 5.Bxc4 e6 6.Nc3 Nbd7 7.O-O Bb4 8.h3 Bh5
9.a3 Bxc3 10.bxc3 O-O 11.Be2 c5 12.Bb2 Qa5 13.Qb3 Rac8 14.Rac1 Rfd8 15.Rfd1
Ne4 16.d5 Qb6 17.Qxb6 Nxb6 18.g4 Bg6 19.dxe6 fxe6 20.Ne5 Na4 21.Nxg6 hxg6 22.
Ba1 Rxd1+ 23.Bxd1 Nb6 24.Bf3 Nd6 25.Rd1 Nbc4 26.Be2 Rc6 27.Rb1 Rb6 28.Rxb6
Nxb6 29.Bd3 Kf7 30.Kf1 Nbc4 31.a4 e5 32.Ke2 e4 33.Bc2 Kf6 34.f4 exf3+ 35.Kxf3
g5 36.Ke2 Ke6 37.Bb3 Kd7 38.Bxc4 Nxc4 39.Kd3 Ne5+ 40.Ke4 Ke6 41.c4 Nxc4 42.
Bxg7 Nd6+ 43.Kd3 Kd5 44.Bf6 c4+ 45.Kc2 Ne4 46.Bxg5 Nxg5 47.h4 Ne4 48.g5 a5 49.
g6 Ke6 50.h5 Kf6 51.Kb2 Kg7 52.Kc2 Kh6 53.Kb2 Kg7 54.Kc2 Nf6 55.Kc3 Nxh5 56.
Kxc4 Kxg6 57.Kb5 Nf6 58.Kxa5 Nd7 59.Kb5 Kf5 60.a5 Ke4 61.a6 bxa6+ 62.Kxa6 Kxe3
1/2-1/2

[Event "Campeonato de Aragon por Equipos 2009"]
[Site "Aragon"]
[Date "2009.02.28"]
[Round "5.1"]
[White "Adla Diego"]
[Black "Llorente Zaro Alfonso"]
[Result "1-0"]
[WhiteElo "2508"]
[BlackElo "2403"]

1.c4 Nf6 2.Nc3 e5 3.Nf3 Nc6 4.a3 g6 5.g3 d5 6.cxd5 Nxd5 7.Bg2 Nde7 8.b4 Bg7 9.
Bb2 O-O 10.O-O h6 11.d3 a6 12.Rc1 Be6 13.Ne4 b6 14.Qc2 Qd7 15.Rfd1 Rac8 16.e3
Bg4 17.Qa4 Qf5 18.Ned2 Rfd8 19.h3 Bxh3 20.Nh4 Qd7 21.Bxc6 Nxc6 22.Qxc6 Qxc6
23.Rxc6 Rxd3 24.Rc3 Rd7 25.Rc2 Rcd8 26.Bc1 g5 27.Nhf3 Bf5 28.Rc3 e4 29.Nd4
Bxd4 30.exd4 Rxd4 31.Rxc7 Bg4 32.Re1 f5 33.Nf1 Rd1 34.Rxd1 Rxd1 35.Be3 Be2 36.
Rc1 Rxc1 37.Bxc1 Kf7 38.Be3 b5 39.Nd2 Bd1 40.Bd4 Kg6 41.Nb1 Kh5 42.Nc3 Bb3 43.
Bc5 Kg6 44.Bf8 h5 45.Be7 Bc4 46.Bd8 Be6 47.Kf1 Bc8 48.Ke2 Bb7 49.Ke3 h4 50.
gxh4 f4+ 51.Kd4 gxh4 52.Bxh4 Kf5 53.Bd8 Ba8 54.Bc7 Bb7 55.Nd5 Kg4 56.Kxe4 Bc6
57.Bxf4 1-0

[Event "Campeonato de Aragon por Equipos 2009"]
[Site "Aragon"]
[Date "2009.02.28"]
[Round "5.2"]
[White "Ramon Perez Jose Luis"]
[Black "Glavina Rossi Pablo"]
[Result "0-1"]
[WhiteElo "2315"]
[BlackElo "2465"]

1.e4 e5 2.Nf3 Nc6 3.Bb5 a6 4.Bxc6 dxc6 5.O-O Qf6 6.d4 exd4 7.Qxd4 Qxd4 8.Nxd4
Bd7 9.Nc3 O-O-O 10.Be3 Ne7 11.Rad1 c5 12.Nde2 b6 13.Nf4 Nc6 14.Nfd5 Be6 15.Nf4
Nd4 16.Rd2 g6 17.Ncd5 Bg7 18.Rfd1 Rhe8 19.Nxe6 fxe6 20.Nc3 Nxc2 21.Rxc2 Bxc3
22.Rdc1 Bd4 23.b4 Rd7 24.bxc5 bxc5 25.Kf1 e5 26.Ke2 Re6 27.Bxd4 cxd4 28.Rc6
Rxc6 29.Rxc6 Kb7 30.Re6 c5 31.Rxe5 Kb6 32.Re8 Kb5 33.e5 Kc4 34.Rb8 Kd5 35.f4
c4 36.Rc8 Rb7 37.e6 Re7 38.Rd8+ Ke4 39.Rd6 a5 40.Kd2 c3+ 41.Kc2 Rb7 42.Rd7
Rb2+ 43.Kc1 Kd3 44.e7 Re2 0-1

[Event "Campeonato de Aragon por Equipos 2009"]
[Site "Aragon"]
[Date "2009.02.28"]
[Round "5.3"]
[White "Moreno Gracia Daniel"]
[Black "Remiro Juste Fernando Jose"]
[Result "1/2-1/2"]
[WhiteElo "2212"]
[BlackElo "2314"]

1.c4 c5 2.Nf3 g6 3.d4 Bg7 4.e4 d6 5.Nc3 Nc6 6.Be3 Qb6 7.Nd5 Qa5+ 8.Bd2 Qd8 9.
Bc3 Bg4 10.dxc5 Bxc3+ 11.Nxc3 dxc5 12.Be2 Qxd1+ 13.Rxd1 Bxf3 14.Bxf3 Rd8 15.
O-O Nf6 16.Nd5 Nd7 17.Nc7+ Kf8 18.Bg4 Nde5 19.Rxd8+ Nxd8 20.Be2 Nec6 21.f4 Kg7
22.e5 Nd4 23.Bf3 N8e6 24.Nd5 Nxf3+ 25.Rxf3 Nd4 26.Rd3 Rd8 27.Kf2 Nc6 28.Ke3 f6
29.Ke4 1/2-1/2

[Event "Campeonato de Aragon por Equipos 2009"]
[Site "Aragon"]
[Date "2009.02.28"]
[Round "5.4"]
[White "Valiente Gimenez Jose Luis"]
[Black "Quintin Navarro Alberto"]
[Result "1-0"]
[WhiteElo "2117"]
[BlackElo "2098"]

1.d4 Nf6 2.c4 e6 3.Nf3 Bb4+ 4.Nbd2 O-O 5.a3 Bxd2+ 6.Qxd2 b6 7.e3 Bb7 8.b4 d6
9.Be2 Nbd7 10.Bb2 Ne4 11.Qc2 Qe7 12.O-O f5 13.d5 e5 14.Ne1 Qh4 15.f3 Ng5 16.g3
Qh6 17.Ng2 Nh3+ 18.Kh1 f4 19.exf4 exf4 20.Bc1 Ne5 21.Nxf4 Nxf4 22.Bxf4 Rxf4
23.gxf4 Qxf4 24.Qe4 Rf8 25.Rac1 Ba6 26.Rc3 Kh8 27.Re3 g6 28.Rc1 Qh6 29.Rec3
Rf4 30.Qe3 Qg5 31.c5 Bxe2 32.Qxe2 Nxf3 33.cxd6 cxd6 34.Rxf3 Qxd5 35.Rf1 1-0

[Event "Campeonato de Aragon por Equipos 2009"]
[Site "Aragon"]
[Date "2009.02.28"]
[Round "5.6"]
[White "Llanes Luno Ricardo"]
[Black "Fontana Sotomayour Luis Javier"]
[Result "1/2-1/2"]
[WhiteElo "2225"]
[BlackElo "2340"]

1.e4 c6 2.d4 d5 3.Nc3 dxe4 4.Nxe4 Nf6 5.Nxf6+ gxf6 6.Nf3 Bf5 7.Bd3 Bxd3 8.Qxd3
e6 9.Bf4 Bd6 10.Bh6 Nd7 11.O-O-O Qa5 12.Kb1 Qh5 13.Qe3 Rg8 14.g3 Nb6 15.Nh4
O-O-O 16.Rd3 Nc4 17.Qc1 Qd5 18.f3 Qb5 19.Ng2 Bc7 20.Rhd1 Rd7 21.Ne3 Bb6 22.
Nxc4 Qxc4 23.b3 Qd5 24.g4 Bc7 25.Bf4 Bxf4 26.Qxf4 Qg5 27.Qg3 h5 28.gxh5 Rh8
29.Rg1 Qxh5 30.Rg2 Qh4 31.f4 Qh7 32.Qg4 Rhd8 33.f5 e5 34.dxe5 Rxd3 35.cxd3
fxe5 36.Kc2 f6 37.h4 Qe7 38.h5 Qd6 39.Qc4 Qd7 40.Rg8 Qxf5 41.Rxd8+ Kxd8 42.
Qg8+ Kc7 43.Qf7+ Kb6 44.Qg6 Qf2+ 45.Kc1 Qe1+ 46.Kc2 Qf2+ 47.Kc1 f5 48.h6 Qe3+
49.Kc2 e4 50.dxe4 fxe4 51.h7 Qd3+ 52.Kb2 Qd2+ 53.Kb1 Qd1+ 54.Kb2 Qd4+ 55.Kc2
Qd3+ 56.Kb2 Qd2+ 57.Kb1 Qd1+ 58.Kb2 Qd4+ 59.Kc2 a5 60.Qg8 Qd3+ 61.Kb2 Qd2+ 62.
Kb1 Qd1+ 1/2-1/2

[Event "Campeonato de Aragon por Equipos 2009"]
[Site "Aragon"]
[Date "2009.02.28"]
[Round "5.7"]
[White "Antoli Royo Joaquin Miguel"]
[Black "Lamas Mercadal Manuel"]
[Result "0-1"]
[WhiteElo "2323"]
[BlackElo "2225"]

1.e4 c5 2.Nc3 Nc6 3.Nf3 g6 4.Bb5 Nd4 5.Bc4 Bg7 6.Nxd4 cxd4 7.Qf3 e6 8.Nb5 d6
9.Qg3 e5 10.Qb3 Nh6 11.d3 O-O 12.Qa3 Ng4 13.g3 Qf6 14.f4 exf4 15.O-O f3 16.
Qxd6 f2+ 17.Kg2 Ne3+ 18.Bxe3 dxe3 19.Qxf6 Bxf6 20.c3 Bg4 21.d4 Bg5 22.h3 Bd7
23.h4 Bh6 24.Kf3 Rac8 25.Nd6 Rxc4 26.Nxc4 f5 27.e5 Bc6+ 28.Ke2 f4 29.gxf4 Rxf4
30.Kxe3 Rf8+ 31.Ke2 Bf3+ 32.Kd3 Bg2 33.Nd6 Bh3 34.Nxb7 Rf3+ 35.Kc4 Bd2 36.d5
Bf4 37.Kd4 Bf5 38.Rad1 Bg3 39.Nd6 Bg4 40.Ne4 Rf4 41.Rd3 Be2 42.Rxg3 Bxf1 43.
Rg4 Rxg4 0-1

[Event "Campeonato de Aragon por Equipos 2009"]
[Site "Aragon"]
[Date "2009.02.28"]
[Round "5.8"]
[White "Neila Castillo Miguel Angel"]
[Black "Maza Broto Pablo"]
[Result "0-1"]
[WhiteElo "1980"]
[BlackElo "2092"]

1.Nf3 e6 2.g3 g6 3.Bg2 Bg7 4.O-O c5 5.d4 cxd4 6.Nxd4 Nc6 7.Nb5 d5 8.e4 d4 9.c3
Nge7 10.cxd4 a6 11.Qa4 O-O 12.Rd1 Bd7 13.N5a3 b5 14.Qb3 Nxd4 15.Qd3 e5 16.Nc2
Nec6 17.Be3 Bg4 18.Rd2 Nf3+ 19.Bxf3 Bxf3 20.Qxd8 Rfxd8 21.Rxd8+ Rxd8 22.Nd2
Bg4 23.f3 Be6 24.b3 Bf8 25.Kf2 Nb4 26.Nxb4 Bxb4 27.Ke2 Rc8 28.h4 f6 29.g4 a5
30.h5 Ba3 31.Kd3 Bb2 32.Rb1 Rc3+ 33.Ke2 Ba3 34.Ra1 g5 35.Rd1 Rc2 36.Ra1 Bb2
37.Rb1 Ba3 38.Ra1 a4 39.Kd3 Rb2 40.bxa4 b4 41.Nc4 Rg2 42.a5 Bb2 43.Nxb2 Rxb2
44.a6 Bc8 45.a7 Ba6# 0-1

[Event "Campeonato de Aragon por Equipos 2009"]
[Site "Aragon"]
[Date "2009.02.28"]
[Round "5.9"]
[White "Gella Lopez Angel"]
[Black "Martinez Catalin Francisco Javier"]
[Result "1/2-1/2"]
[WhiteElo "2065"]
[BlackElo "2261"]

1.d4 g6 2.Nf3 Bg7 3.e4 d6 4.Nc3 Nf6 5.Be2 O-O 6.O-O c6 7.a4 Nbd7 8.h3 Qc7 9.
Be3 b6 10.Qd2 Bb7 11.Rad1 a6 12.b4 c5 13.bxc5 Nxe4 14.Nxe4 Bxe4 15.cxd6 Qxd6
16.c4 Qc6 17.Qb4 e6 18.Rc1 Qb7 19.Rfd1 Rac8 20.a5 bxa5 21.Qxa5 Nb8 22.c5 Rcd8
23.Qa4 Bc6 24.Qa5 Be4 25.Qa4 Bc6 26.Qa5 Be4 1/2-1/2

[Event "Campeonato de Aragon por Equipos 2009"]
[Site "Aragon"]
[Date "2009.02.28"]
[Round "5.10"]
[White "Solano Lasierra Javier"]
[Black "Laplaza Ara Carlos"]
[Result "1/2-1/2"]
[WhiteElo "2144"]
[BlackElo "1987"]

1.c4 Nf6 2.Nc3 g6 3.d4 Bg7 4.e4 d6 5.f4 O-O 6.Nf3 c5 7.d5 Nfd7 8.Bd3 e6 9.dxe6
fxe6 10.Ng5 Nf6 11.O-O Nc6 12.Be3 Qe7 13.Rc1 e5 14.f5 Nd4 15.g4 h6 16.Nh3 g5
17.Nf2 b6 18.Kg2 Bb7 19.Kg3 Nh7 20.Qd2 Bf6 21.Rh1 Kf7 22.Nh3 Rg8 23.Ng1 Rg7
24.Kf2 Rag8 25.Nge2 Ke8 26.Ng3 Kd7 27.Nh5 Rf7 28.Nd5 Bxd5 29.cxd5 Rff8 30.Qc3
Rc8 31.Qa3 Ke8 32.Qa6 Kf7 33.Rc3 Rc7 34.a4 Rb8 35.Rhc1 Rbb7 36.Ng3 Bg7 37.Qc4
Nf6 38.h3 Qd7 39.Qa2 a5 40.Ba6 Ra7 41.Bc4 Qe8 42.b3 Qe7 43.Qd2 Ra8 44.Bxg5
hxg5 45.Qxg5 Rh8 46.Qg6+ Kf8 47.g5 Rxh3 48.Kg2 Rh4 49.Rf1 Qf7 50.gxf6 Qxf6 51.
Nh5 Qxg6+ 52.fxg6+ Kg8 53.Nf6+ Bxf6 54.Rxf6 Rd7 55.Kg3 Rxe4 56.Rc1 Kg7 57.Rcf1
Ne2+ 58.Bxe2 Rxe2 59.Rf7+ Rxf7 60.gxf7 Kf8 61.Rf6 Re3+ 62.Kg4 Rxb3 63.Rxd6
Kxf7 64.Kf5 Ke7 65.Rh6 Re3 66.Rxb6 c4 67.Ra6 c3 68.Rc6 Kd7 69.Kf6 c2 70.Rxc2
Kd6 71.Rc6+ Kxd5 72.Ra6 Kc5 73.Rxa5+ Kb4 1/2-1/2

[Event "Campeonato de Aragon por Equipos 2009"]
[Site "Aragon"]
[Date "2009.02.28"]
[Round "5.11"]
[White "Gella Bitrian Diego"]
[Black "Felez Casedas Carlos"]
[Result "1/2-1/2"]
[WhiteElo "1864"]
[BlackElo "1990"]

1.e4 e5 2.Bc4 Nf6 3.d3 c6 4.Nf3 d5 5.Bb3 Bd6 6.exd5 Nxd5 7.O-O O-O 8.Re1 Nd7
9.Nbd2 Re8 10.Ne4 N7f6 11.Nfg5 h6 12.Nxf6+ Qxf6 13.Ne4 Qg6 14.Nxd6 Qxd6 15.Qf3
Bd7 16.Bd2 Re7 17.Re2 Rae8 18.Rae1 Nf4 19.Bxf4 exf4 20.Kf1 Rxe2 21.Rxe2 Rxe2
22.Qxe2 Kf8 23.Qe4 b6 24.Ke1 Qe7 25.Qxe7+ Kxe7 26.d4 Be6 27.Kd2 Bxb3 28.axb3
Ke6 29.Kd3 g5 30.f3 f5 31.h3 Kd6 32.Kc4 a6 33.b4 b5+ 34.Kd3 Kd5 35.b3 Ke6 36.
c4 Kd6 37.d5 bxc4+ 38.bxc4 cxd5 39.cxd5 Kxd5 40.Kc3 Kc6 41.Kc4 Kb6 42.Kc3 Kc6
43.Kc4 1/2-1/2

[Event "Campeonato de Aragon por Equipos 2009"]
[Site "Aragon"]
[Date "2009.02.28"]
[Round "5.12"]
[White "Betran Rabal Alberto"]
[Black "Bellosta Lopez Pablo"]
[Result "0-1"]
[WhiteElo "1973"]
[BlackElo "1835"]

1.g3 Nf6 2.Bg2 g6 3.d4 Bg7 4.e4 d6 5.Ne2 O-O 6.O-O e5 7.d5 Nbd7 8.c4 Nc5 9.
Nbc3 a5 10.Bd2 Nh5 11.Nc1 f5 12.exf5 Qf6 13.fxg6 Qxg6 14.Nb3 Nd3 15.Be4 Bf5
16.Qf3 Nxb2 17.Bxf5 Rxf5 18.Qe4 Rf7 19.Qe2 Nd3 20.Kh1 e4 21.Nxe4 Bxa1 22.Qxd3
Bg7 23.Qe2 Re8 24.f3 a4 25.Nc1 Rxe4 26.fxe4 Rxf1+ 27.Qxf1 Qxe4+ 28.Qg2 Qxc4
29.Qf3 Nf6 30.Kg1 Qxd5 31.Qe2 Ne4 32.Be3 Nc3 33.Qf2 b5 34.Qf4 Nd1 35.Qg4 Nxe3
36.Qc8+ Bf8 0-1

[Event "Campeonato de Aragon por Equipos 2009"]
[Site "Aragon"]
[Date "2009.02.28"]
[Round "5.14"]
[White "Colas Longares Rafael P"]
[Black "Gil Capape MA"]
[Result "1-0"]
[WhiteElo "2161"]
[BlackElo "2330"]

1.e4 e5 2.Nf3 Nc6 3.Bb5 a6 4.Ba4 Nf6 5.d3 Bc5 6.O-O b5 7.Bb3 d6 8.c3 Bg4 9.h3
Bh5 10.a4 b4 11.Bg5 Na5 12.Bc2 h6 13.Be3 b3 14.Bxb3 Bxf3 15.gxf3 Nxb3 16.Qxb3
Bxe3 17.fxe3 Nh5 18.Rf2 Qg5+ 19.Kh1 Qxe3 20.Qc2 Qe1+ 21.Kh2 Nf4 22.Qd2 Nxd3
23.Qxe1 Nxe1 24.Na3 Nd3 25.Rd2 Nc5 26.Rg2 g5 27.Nc4 Nb3 28.Rd1 Rb8 29.Kg1 Ke7
30.Ne3 Kd7 31.Kf1 Nc5 32.Ra1 Rb3 33.Rd2 Kc6 34.Nc4 Nb7 35.Ra2 Kc5 36.Ne3 Na5
37.Rd5+ Kb6 38.Rxa5 c6 39.Nc4+ Kb7 40.Nxd6+ Kc7 41.Nc4 f6 42.Rxa6 Rb7 43.Na5
Rb6 44.Ra7+ Kb8 45.Rf7 Rd8 46.Ke2 c5 47.Nc4 Ra6 48.a5 h5 49.b4 cxb4 50.Rb2 Rc6
51.Rxb4+ Kc8 52.Nb6+ Kb8 53.Nd5+ 1-0

[Event "Campeonato de Aragon por Equipos 2009"]
[Site "Aragon"]
[Date "2009.02.28"]
[Round "5.15"]
[White "Argueso Pascual Jorge"]
[Black "Garcia Vicente Nieves"]
[Result "1/2-1/2"]
[WhiteElo "1978"]
[BlackElo "2228"]

1.d4 Nf6 2.Nf3 d5 3.e3 c5 4.Be2 Nc6 5.O-O e6 6.b3 Be7 7.dxc5 Bxc5 8.Bb2 O-O 9.
Nbd2 Qe7 10.c4 Rd8 11.cxd5 exd5 12.Rc1 d4 13.exd4 Nxd4 14.Nxd4 Bxd4 15.Bxd4
Rxd4 16.Rc4 Rd8 17.Bf3 Be6 18.Qe2 Qd7 19.Rc2 Bf5 20.Ne4 Nxe4 21.Bxe4 Re8 22.f3
Qd4+ 23.Qf2 Qxf2+ 24.Rcxf2 Bxe4 25.fxe4 f6 26.Re2 Rad8 27.Rfe1 Re5 28.Kf2 Rd4
29.Kf3 h5 30.Rc2 Rd7 31.Re3 a5 32.Rec3 Rd4 33.Re3 b5 34.h4 Kh7 35.Kf4 Kh6 36.
Ree2 Kg6 1/2-1/2

[Event "Campeonato de Aragon por Equipos 2009"]
[Site "Aragon"]
[Date "2009.02.28"]
[Round "5.16"]
[White "Cabrera Moreno Daniel"]
[Black "Argueso Palomino Manuel"]
[Result "1-0"]
[WhiteElo "2207"]
[BlackElo "1832"]

1.d4 d5 2.c4 e6 3.g3 c6 4.Bg2 dxc4 5.Nf3 Nf6 6.Qc2 Bb4+ 7.Bd2 Bxd2+ 8.Nbxd2 b5
9.a4 Bb7 10.b3 b4 11.Qxc4 a5 12.Ne5 O-O 13.Ndf3 Nd5 14.Qc2 f6 15.Nd3 Nd7 16.
O-O Rc8 17.Nd2 Ba6 18.Ne4 Bxd3 19.Qxd3 e5 20.Rac1 Qe7 21.e3 f5 22.Nc5 e4 23.
Qa6 Nc3 24.Rxc3 bxc3 25.Nxd7 Qxd7 26.Qxa5 c2 27.Qc5 Qd5 28.Qxc2 Rb8 29.Rb1 Rb4
30.Bf1 Kh8 31.Bc4 Qd6 32.Ra1 Ra8 33.a5 Ra7 34.a6 h5 35.h4 Rb8 36.Qc3 Kh7 37.
Qa5 g6 38.Qa3 Qxa3 39.Rxa3 g5 40.hxg5 Kg6 41.Ra5 Kxg5 42.Rc5 Rb6 43.Ra5 Kf6
44.Kf1 Rb8 45.Ke2 Rh8 46.Rc5 h4 47.Rxc6+ Kg5 48.gxh4+ Kxh4 49.b4 Kg5 50.b5 Rh6
51.Rxh6 Kxh6 52.b6 1-0

[Event "Campeonato de Aragon por Equipos 2009"]
[Site "Aragon"]
[Date "2009.02.28"]
[Round "5.17"]
[White "Baron Rodriguez Jesus"]
[Black "Villuendas Valero Adrian"]
[Result "1-0"]
[WhiteElo "2422"]
[BlackElo "2195"]

1.e4 e6 2.d4 d5 3.Nd2 Nf6 4.e5 Nfd7 5.c3 c5 6.Bd3 Nc6 7.Ne2 cxd4 8.cxd4 f6 9.
exf6 Nxf6 10.O-O Bd6 11.Nf3 O-O 12.Bf4 Bxf4 13.Nxf4 Ng4 14.Qd2 Qf6 15.Ne2 Qh6
16.Qxh6 Nxh6 17.Bb5 Bd7 18.Bxc6 Bxc6 19.Rfe1 Rf6 20.Ne5 Raf8 21.f3 Nf5 22.Rad1
Ne7 23.Rd3 h5 24.Ra3 a6 25.Rb3 Rc8 26.Rb6 Rc7 27.Rc1 Nc8 28.Rb3 Ne7 29.h4 Rf8
30.Kf2 g6 31.g3 Kg7 32.Rc5 Rfc8 33.Nf4 Kf6 34.g4 Be8 35.g5+ Kf5 36.Ng2 1-0

[Event "Campeonato de Aragon por Equipos 2009"]
[Site "Aragon"]
[Date "2009.02.28"]
[Round "5.18"]
[White "Cantin Zaborras Valentin"]
[Black "Baron Rodriguez Jorge"]
[Result "0-1"]
[WhiteElo "2117"]
[BlackElo "2346"]

1.e4 c5 2.Nf3 d6 3.d4 cxd4 4.Nxd4 Nf6 5.Nc3 a6 6.f4 e5 7.Nf3 Nbd7 8.Bd3 Be7 9.
a4 O-O 10.O-O Nc5 11.Kh1 exf4 12.Bxf4 Bg4 13.Qd2 Rc8 14.Rae1 Re8 15.Nd4 Qb6
16.b3 Ncd7 17.Bc4 Ne5 18.Bd5 Qc5 19.Re3 Ng6 20.Rd3 Rc7 21.h3 Bc8 22.Bh2 Ne5
23.Re3 Bd8 24.Bg1 Qb4 25.Rd1 Rc5 26.Nf5 Bxf5 27.exf5 Nxd5 28.Nxd5 Qxd2 29.Rxd2
Bg5 30.Rg3 Bxd2 31.Nf6+ Kf8 32.Bxc5 Rd8 33.Nxh7+ Kg8 34.f6 Kxh7 35.Rxg7+ Kh8
36.Bd4 Nc6 37.Bf2 Ne5 38.Bg3 Bh6 39.Bxe5 dxe5 40.Rxf7 Bf4 41.g4 Rd6 42.h4 Rd2
43.g5 Rh2+ 44.Kg1 Rxh4 45.Rxb7 Rg4+ 46.Kf2 Rxg5 {Tiempo.} 0-1

[Event "Campeonato de Aragon por Equipos 2009"]
[Site "Aragon"]
[Date "2009.02.28"]
[Round "5.19"]
[White "Forcen Esteban Daniel"]
[Black "Valiente Roy Jose Javier"]
[Result "1-0"]
[WhiteElo "2169"]
[BlackElo "2088"]

1.e4 c6 2.d4 d5 3.Nc3 dxe4 4.Nxe4 Bf5 5.Ng3 Bg6 6.Nf3 Nd7 7.h4 h6 8.h5 Bh7 9.
Bd3 Bxd3 10.Qxd3 e6 11.Bd2 Ngf6 12.O-O-O Be7 13.Kb1 O-O 14.Ne4 Nxe4 15.Qxe4
Nf6 16.Qe2 Qd5 17.Rde1 c5 18.dxc5 Qxc5 19.Be3 Qc7 20.Bd4 Rac8 21.g4 Nd5 22.g5
hxg5 23.h6 Bf6 24.hxg7 Kxg7 25.Reg1 Bxd4 26.Rxg5+ Kf6 27.Rh6+ Ke7 28.Nxd4 Nf4
29.Qd2 Rfd8 30.Qb4+ Rd6 31.a3 a6 32.Re5 Kd7 33.Rf6 Ke8 34.Rxf4 Rb6 35.Qa4+ Ke7
36.Ree4 Qc3 37.Rxf7+ Kxf7 38.Qd7+ Kf6 39.Rxe6+ Kg5 40.Qg7+ Kh4 41.Rh6+ Rxh6
42.Qxh6+ Kg4 43.bxc3 1-0

[Event "Campeonato de Aragon por Equipos 2009"]
[Site "Aragon"]
[Date "2009.02.28"]
[Round "5.20"]
[White "Martin Barbero Roberto"]
[Black "Antolin Concha Diego"]
[Result "0-1"]
[WhiteElo "2012"]
[BlackElo "2122"]

1.d4 Nf6 2.Nf3 d5 3.g3 Bf5 4.Bg2 e6 5.O-O Be7 6.Nbd2 h6 7.Ne5 O-O 8.c3 c5 9.a4
Nc6 10.Ndf3 Rc8 11.Nxc6 bxc6 12.h3 cxd4 13.cxd4 c5 14.Be3 c4 15.Bd2 Ne4 16.Bc3
Nxc3 17.bxc3 Qa5 18.Qd2 Rb8 19.Ne5 Rb3 20.Nc6 Qc7 21.Nxe7+ Qxe7 22.f3 Qb7 23.
Qe1 Bc2 24.e4 Bd3 25.Rf2 dxe4 26.fxe4 Qc7 27.Kh2 Qa5 28.Rc1 Qxa4 29.Bf1 Bxf1
30.Qxf1 Qb5 31.Rcc2 a5 32.d5 exd5 33.exd5 Qxd5 34.Rfd2 Qc6 35.Qa1 Qb5 36.Rd1
a4 37.Ra2 a3 38.Qc1 Rb2+ 39.Rd2 Rxd2+ 40.Qxd2 Qb3 41.h4 h5 42.Kh3 Rb8 43.Qd6
Qxa2 44.Qxb8+ Kh7 45.Qf4 Qb1 46.Kh2 Qc2+ 47.Kh3 a2 48.Qxf7 Qg6 49.Qa7 Qg4+ 50.
Kh2 Qe2+ 51.Kh3 Qf1+ 0-1

[Event "Campeonato de Aragon por Equipos 2009"]
[Site "Aragon"]
[Date "2009.02.28"]
[Round "5.21"]
[White "Guzman Moneo Alberto"]
[Black "Fernandez Rubio Rafael"]
[Result "0-1"]
[WhiteElo "2231"]
[BlackElo "2025"]

1.d4 Nf6 2.Bg5 g6 3.Bxf6 exf6 4.g3 d5 5.Bg2 Bg7 6.e3 c6 7.Ne2 Be6 8.Nd2 Na6 9.
Nf4 Qe7 10.c4 dxc4 11.Qa4 Nc7 12.Nxe6 fxe6 13.Qxc4 Rd8 14.Nb3 Nd5 15.O-O O-O
16.Nc5 Rfe8 17.Qb3 b6 18.Nd3 Kh8 19.Rfc1 Qd7 20.Qa4 Rc8 21.Rd1 b5 22.Qc2 Bf8
23.a3 Kg7 24.Rac1 Rc7 25.Nc5 Bxc5 26.Qxc5 Rec8 27.Bh3 f5 28.Bg2 Nb6 29.Rc2 Na4
30.Qe5+ Kf7 31.Rdc1 Nb6 32.g4 Nd5 33.gxf5 gxf5 34.Rc5 Ne7 35.Qg3 Ng6 36.Qh3
Kg7 37.Kh1 Qd6 38.Bf3 Kh8 39.Qh6 Qd7 40.Qg5 Kg7 41.Rg1 Qf7 42.Rg3 Qf6 43.Qh5
Kg8 44.Qh6 Qg7 45.Qg5 Kf7 46.Bh5 Rg8 47.Qf4 Rgc8 48.Qd6 Qf8 49.Qf4 Qg7 50.d5
Kg8 51.Bxg6 hxg6 52.dxe6 Rf8 53.Qd6 Re7 54.Rxc6 Rfe8 55.Qb4 Qf6 56.Qxb5 Rxe6
57.Qc4 Kg7 58.Rc7+ R6e7 59.b4 Qa1+ 60.Rg1 Qe5 61.Rc1 Kh6 62.Qh4+ Kg7 63.Rxe7+
Rxe7 64.Rc5 Qe6 65.Qd4+ Kh7 66.Rd5 Qc6 67.Qc5 Qe6 68.Kg1 f4 69.exf4 Qg4+ 70.
Kf1 Qh3+ 0-1

[Event "Campeonato de Aragon por Equipos 2009"]
[Site "Aragon"]
[Date "2009.02.28"]
[Round "5.22"]
[White "Vera Jimenez Andres"]
[Black "Navarro Alonso Jorge Luis"]
[Result "0-1"]
[WhiteElo "2014"]
[BlackElo "2176"]

1.d4 d5 2.c4 c6 3.cxd5 cxd5 4.Nc3 Nc6 5.Nf3 Nf6 6.Bf4 Bf5 7.e3 e6 8.Bb5 Qb6 9.
Qa4 Be7 10.O-O O-O 11.a3 Nh5 12.Bg3 Nxg3 13.hxg3 f6 14.Rac1 a6 15.Bxc6 bxc6
16.b4 a5 17.b5 Bd3 18.Rfd1 cxb5 19.Qb3 Bc4 20.Qb2 Rfc8 21.Nd2 b4 22.Nxc4 Rxc4
23.a4 Rac8 24.Nb5 Qc6 25.Rxc4 Qxc4 26.Na7 Rc7 27.Nb5 Qc2 28.Qxc2 Rxc2 29.Ra1
b3 30.Rb1 b2 31.Kh2 Rxf2 0-1